[Event "World Cup 2021"]
[Site "Sochi"]
[Date "2021.07.16"]
[Round "2.2"]
[White "Kryvoruchko Yuriy (UKR)"]
[Black "Brkic Ante (CRO)"]
[Result "1/2-1/2"]
[WhiteElo "2699"]
[BlackElo "2592"]
[Annotator ""]
[Source ""]
[Remark ""]

1.d4 {[%clk 1:30:57]} Nf6 {[%clk 1:30:46]} 2.c4 {[%clk 1:31:23]}
e6 {[%clk 1:30:20]} 3.Nf3 {[%clk 1:31:47]} d5 {[%clk 1:30:45]}
4.g3 {[%clk 1:32:13]} Bb4+ {[%clk 1:28:49]} 5.Nbd2 {[%clk 1:32:35]}
O-O {[%clk 1:25:23]} 6.Bg2 {[%clk 1:32:41]} b6 {[%clk 1:25:49]}
7.O-O {[%clk 1:32:54]} Bb7 {[%clk 1:26:16]} 8.Ne5 {[%clk 1:33:06]}
Qc8 {[%clk 1:25:25]} 9.Qc2 {[%clk 1:32:42]} c5 {[%clk 1:09:29]}
10.cxd5 {[%clk 1:33:06]} Bxd5 {[%clk 1:07:21]} 11.Ne4 {[%clk 1:33:18]}
cxd4 {[%clk 0:47:11]} 12.Qxc8 {[%clk 1:32:46]} Rxc8 {[%clk 0:47:38]}
13.Nxf6+ {[%clk 1:33:11]} gxf6 {[%clk 0:47:57]} 14.Bxd5 {[%clk 1:33:37]}
exd5 {[%clk 0:48:21]} 15.Nd3 {[%clk 1:33:45]} Nc6 {[%clk 0:44:37]}
16.Rd1 {[%clk 1:22:38]} Bd6 {[%clk 0:41:22]} 17.b3 {[%clk 1:13:04]}
Nd8 {[%clk 0:36:34]} 18.Nf4 {[%clk 0:57:24]} Bxf4 {[%clk 0:34:20]}
19.gxf4 {[%clk 0:57:49]} Nc6 {[%clk 0:26:07]} 20.Ba3 {[%clk 0:56:32]}
Kg7 {[%clk 0:22:28]} 21.Rd3 {[%clk 0:49:39]} Kg6 {[%clk 0:21:58]}
22.Kg2 {[%clk 0:31:13]} Kf5 {[%clk 0:16:30]} 23.Kf3 {[%clk 0:30:36]}
Re8 {[%clk 0:16:01]} 24.e3 {[%clk 0:22:11]} Re4 {[%clk 0:14:51]}
25.Rg1 {[%clk 0:17:18]} Rd8 {[%clk 0:07:18]} 26.Rg7 {[%clk 0:16:48]}
dxe3 {[%clk 0:07:21]} 27.fxe3 {[%clk 0:17:15]} d4 {[%clk 0:07:39]}
28.Rxf7 {[%clk 0:14:46]} Rde8 {[%clk 0:02:51]} 29.Bc1 {[%clk 0:09:25]}
dxe3 {[%clk 0:02:53]} 30.Rd5+ {[%clk 0:09:02]} Kg6 {[%clk 0:03:19]}
31.Rfd7 {[%clk 0:09:28]} Nd4+ {[%clk 0:01:15]} 32.Rxd4 {[%clk 0:09:28]}
Rxd4 {[%clk 0:01:27]} 33.Rxd4 {[%clk 0:08:27]} e2 {[%clk 0:01:56]}
34.Bd2 {[%clk 0:08:52]} e1Q {[%clk 0:02:14]} 35.Bxe1 {[%clk 0:09:20]}
Rxe1 {[%clk 0:02:37]} 36.Rd7 {[%clk 0:09:48]} a5 {[%clk 0:01:49]}
37.Rd6 {[%clk 0:10:14]} Rf1+ {[%clk 0:00:49]} 38.Kg3 {[%clk 0:09:17]}
b5 {[%clk 0:00:34]} 39.Ra6 {[%clk 0:09:39]} a4 {[%clk 0:00:35]}
40.bxa4 {[%clk 0:10:04]} bxa4 {[%clk 0:00:36]} 41.Rxa4 {[%clk 0:10:28]}
Kf5 {[%clk 0:26:12]} 42.Ra5+ {[%clk 0:36:52]} Ke4 {[%clk 0:25:38]}
43.f5 {[%clk 0:37:04]} Rg1+ {[%clk 0:11:29]} 44.Kh4 {[%clk 0:36:40]}
Rh1 {[%clk 0:10:05]} 45.h3 {[%clk 0:34:30]} Kf4 {[%clk 0:08:19]}
46.a4 {[%clk 0:30:42]} Ra1 {[%clk 0:07:08]} 47.Kh5 {[%clk 0:29:35]}
Rh1 {[%clk 0:07:24]} 48.h4 {[%clk 0:18:29]} Kg3 {[%clk 0:07:49]}
49.Kh6 {[%clk 0:18:56]} Kxh4 {[%clk 0:08:07]} 50.Kxh7 {[%clk 0:19:16]}
Kg5+ {[%clk 0:08:30]} 51.Kg7 {[%clk 0:19:43]} Ra1 {[%clk 0:08:48]}
52.Kf7 {[%clk 0:20:03]} Ra2 {[%clk 0:08:23]} 53.Ke6 {[%clk 0:20:22]}
Re2+ {[%clk 0:07:05]} 54.Kd6 {[%clk 0:20:16]} Ra2 {[%clk 0:07:27]}
55.Kc6 {[%clk 0:20:04]} Ra1 {[%clk 0:07:31]} 56.Kb6 {[%clk 0:20:29]}
Kf4 {[%clk 0:07:11]} 57.Kc6 {[%clk 0:18:28]} Kg5 {[%clk 0:07:13]}
58.Kd6 {[%clk 0:18:52]} Ra2 {[%clk 0:07:30]} 59.Ke7 {[%clk 0:19:17]}
Re2+ {[%clk 0:07:28]} 60.Kf7 {[%clk 0:19:39]} Ra2 {[%clk 0:07:52]}
61.Ra6 {[%clk 0:19:31]} Kxf5 {[%clk 0:07:52]} 62.Rxf6+ {[%clk 0:19:53]}
Ke5 {[%clk 0:08:02]} 63.a5 {[%clk 0:20:17]} 1/2-1/2

[Event "World Cup 2021"]
[Site "Sochi"]
[Date "2021.07.16"]
[Round "2.2"]
[White "Wojtaszek Radoslaw (POL)"]
[Black "Alekseev Evgeny (RUS)"]
[Result "1-0"]
[WhiteElo "2691"]
[BlackElo "2605"]
[Annotator ""]
[Source ""]
[Remark ""]

1.d4 {[%clk 1:30:57]} Nf6 {[%clk 1:30:43]} 2.c4 {[%clk 1:31:20]}
e6 {[%clk 1:30:48]} 3.Nf3 {[%clk 1:31:45]} d5 {[%clk 1:30:07]}
4.Nc3 {[%clk 1:32:11]} Bb4 {[%clk 1:29:35]} 5.cxd5 {[%clk 1:32:36]}
exd5 {[%clk 1:29:34]} 6.Bf4 {[%clk 1:33:00]} c6 {[%clk 1:24:44]}
7.e3 {[%clk 1:33:19]} Bf5 {[%clk 1:23:30]} 8.a3 {[%clk 1:33:41]}
Bd6 {[%clk 1:21:34]} 9.Ne5 {[%clk 1:33:48]} Qe7 {[%clk 1:17:46]}
10.Qf3 {[%clk 1:33:54]} Bg6 {[%clk 1:02:15]} 11.h4 {[%clk 1:24:33]}
Nh5 {[%clk 0:52:23]} 12.Nxg6 {[%clk 1:16:21]} fxg6 {[%clk 0:50:35]}
13.Bxd6 {[%clk 1:15:07]} Qxd6 {[%clk 0:51:01]} 14.e4 {[%clk 1:13:20]}
dxe4 {[%clk 0:46:15]} 15.Nxe4 {[%clk 1:09:24]} Qe7 {[%clk 0:43:18]}
16.Bc4 {[%clk 0:47:26]} Nd7 {[%clk 0:37:06]} 17.Bf7+ {[%clk 0:43:43]}
Kf8 {[%clk 0:34:14]} 18.Bxg6+ {[%clk 0:34:57]} Nhf6 {[%clk 0:34:07]}
19.Bf5 {[%clk 0:35:22]} g6 {[%clk 0:31:56]} 20.Bxd7 {[%clk 0:32:52]}
Qxe4+ {[%clk 0:32:11]} 21.Qxe4 {[%clk 0:33:19]} Nxe4 {[%clk 0:32:35]}
22.Bg4 {[%clk 0:29:19]} Kg7 {[%clk 0:19:04]} 23.Rd1 {[%clk 0:29:35]}
Nf6 {[%clk 0:11:11]} 24.Be2 {[%clk 0:27:02]} Rae8 {[%clk 0:06:52]}
25.Rh3 {[%clk 0:22:01]} Nd5 {[%clk 0:03:59]} 26.Rf3 {[%clk 0:21:27]}
Re7 {[%clk 0:03:22]} 27.Kf1 {[%clk 0:20:14]} Rd8 {[%clk 0:03:35]}
28.g3 {[%clk 0:18:25]} Red7 {[%clk 0:03:45]} 29.Rfd3 {[%clk 0:17:42]}
Ne7 {[%clk 0:03:18]} 30.Bg4 {[%clk 0:17:15]} Nf5 {[%clk 0:03:33]}
31.Bxf5 {[%clk 0:14:13]} gxf5 {[%clk 0:03:59]} 32.Re1 {[%clk 0:14:37]}
f4 {[%clk 0:01:28]} 33.Re4 {[%clk 0:11:00]} fxg3 {[%clk 0:01:50]}
34.Rxg3+ {[%clk 0:11:27]} Kf6 {[%clk 0:01:40]} 35.Rf3+ {[%clk 0:10:59]}
Kg6 {[%clk 0:02:05]} 36.Rff4 {[%clk 0:11:23]} Rd6 {[%clk 0:01:40]}
37.Ke2 {[%clk 0:10:25]} Rf6 {[%clk 0:01:44]} 38.Rg4+ {[%clk 0:09:23]}
Kf7 {[%clk 0:01:58]} 39.Ke3 {[%clk 0:09:43]} Rdd6 {[%clk 0:00:40]}
40.Re5 {[%clk 0:09:55]} h6 {[%clk 0:00:43]} 41.Rge4 {[%clk 0:08:28]}
Rd7 {[%clk 0:28:48]} 42.h5 {[%clk 0:36:41]} a6 {[%clk 0:27:58]}
43.a4 {[%clk 0:33:22]} Rfd6 {[%clk 0:28:07]} 44.a5 {[%clk 0:28:31]}
Rd5 {[%clk 0:28:13]} 45.Rxd5 {[%clk 0:26:35]} Rxd5 {[%clk 0:27:52]}
46.Re5 {[%clk 0:27:02]} Rd8 {[%clk 0:28:09]} 47.Ke4 {[%clk 0:25:15]}
Rg8 {[%clk 0:28:01]} 48.d5 {[%clk 0:24:51]} cxd5+ {[%clk 0:26:43]}
49.Rxd5 {[%clk 0:24:40]} Ke6 {[%clk 0:27:00]} 50.Re5+ {[%clk 0:16:34]}
Kf6 {[%clk 0:24:18]} 51.b4 {[%clk 0:16:09]} Rg1 {[%clk 0:23:23]}
52.Rc5 {[%clk 0:09:51]} Re1+ {[%clk 0:19:44]} 53.Kf4 {[%clk 0:05:59]}
Rb1 {[%clk 0:12:50]} 54.Rc4 {[%clk 0:06:27]} Rh1 {[%clk 0:13:06]}
55.Kg4 {[%clk 0:06:54]} Rg1+ {[%clk 0:11:59]} 56.Kf4 {[%clk 0:07:16]}
Rh1 {[%clk 0:12:10]} 57.Kg4 {[%clk 0:07:38]} Rg1+ {[%clk 0:12:36]}
58.Kf3 {[%clk 0:07:44]} Rg5 {[%clk 0:11:02]} 59.Rc5 {[%clk 0:06:03]}
Rxc5 {[%clk 0:10:54]} 60.bxc5 {[%clk 0:06:31]} Kg5 {[%clk 0:11:17]}
61.Ke4 {[%clk 0:06:20]} Kxh5 {[%clk 0:11:40]} 62.Kf5 {[%clk 0:06:08]}
Kh4 {[%clk 0:12:03]} 63.f4 {[%clk 0:06:26]} h5 {[%clk 0:10:37]}
64.Ke5 {[%clk 0:06:20]} Kg4 {[%clk 0:10:48]} 65.f5 {[%clk 0:06:46]}
h4 {[%clk 0:11:08]} 66.f6 {[%clk 0:07:13]} h3 {[%clk 0:11:35]}
67.f7 {[%clk 0:07:40]} h2 {[%clk 0:12:01]} 68.f8Q {[%clk 0:08:06]}
h1Q {[%clk 0:12:27]} 69.Qg7+ {[%clk 0:07:11]} 1-0

[Event "World Cup 2021"]
[Site "Sochi"]
[Date "2021.07.17"]
[Round "11.15"]
[White "Erdos Viktor (HUN)"]
[Black "Bluebaum Matthias (GER)"]
[Result "0-1"]
[WhiteElo "2614"]
[BlackElo "2669"]
[Annotator ""]
[Source ""]
[Remark ""]

1.e4 {[%clk 0:25:17]} c6 {[%clk 0:25:20]} 2.Nf3 {[%clk 0:25:25]}
d5 {[%clk 0:25:29]} 3.Nc3 {[%clk 0:25:34]} dxe4 {[%clk 0:25:37]}
4.Nxe4 {[%clk 0:25:42]} Nf6 {[%clk 0:25:46]} 5.Qe2 {[%clk 0:25:51]}
Nxe4 {[%clk 0:25:55]} 6.Qxe4 {[%clk 0:25:59]} Nd7 {[%clk 0:26:04]}
7.d4 {[%clk 0:26:03]} Nf6 {[%clk 0:26:12]} 8.Qd3 {[%clk 0:26:12]}
g6 {[%clk 0:26:21]} 9.Be2 {[%clk 0:26:19]} Bg7 {[%clk 0:26:30]}
10.O-O {[%clk 0:26:21]} O-O {[%clk 0:26:37]} 11.h3 {[%clk 0:26:27]}
Qc7 {[%clk 0:26:37]} 12.c4 {[%clk 0:21:01]} Rd8 {[%clk 0:25:35]}
13.Qa3 {[%clk 0:21:03]} b6 {[%clk 0:21:54]} 14.Bg5 {[%clk 0:14:05]}
c5 {[%clk 0:19:51]} 15.dxc5 {[%clk 0:12:33]} bxc5 {[%clk 0:19:57]}
16.Rfd1 {[%clk 0:08:55]} Bb7 {[%clk 0:18:04]} 17.Bd2 {[%clk 0:07:06]}
Ne4 {[%clk 0:14:24]} 18.Ba5 {[%clk 0:07:03]} Rxd1+ {[%clk 0:14:33]}
19.Rxd1 {[%clk 0:07:11]} Qc6 {[%clk 0:14:42]} 20.Bf1 {[%clk 0:03:01]}
Bf6 {[%clk 0:13:20]} 21.b4 {[%clk 0:02:23]} cxb4 {[%clk 0:11:43]}
22.Bxb4 {[%clk 0:02:32]} Qc7 {[%clk 0:11:52]} 23.Ba5 {[%clk 0:02:04]}
Qc5 {[%clk 0:11:12]} 24.Qxc5 {[%clk 0:02:11]} Nxc5 {[%clk 0:11:21]}
25.Nd4 {[%clk 0:02:18]} Ne4 {[%clk 0:08:04]} 26.Nb3 {[%clk 0:01:33]}
Bc6 {[%clk 0:08:02]} 27.Re1 {[%clk 0:00:25]} Rc8 {[%clk 0:07:12]}
28.Bd3 {[%clk 0:00:18]} Nd6 {[%clk 0:07:21]} 29.c5 {[%clk 0:00:22]}
Nb5 {[%clk 0:05:12]} 30.Be4 {[%clk 0:00:31]} Kg7 {[%clk 0:04:00]}
31.Bxc6 {[%clk 0:00:21]} Rxc6 {[%clk 0:04:09]} 32.Rd1 {[%clk 0:00:28]}
Ra6 {[%clk 0:03:09]} 33.Rc1 {[%clk 0:00:33]} Rc6 {[%clk 0:02:47]}
34.Rc4 {[%clk 0:00:42]} Nc7 {[%clk 0:02:43]} 35.Bd2 {[%clk 0:00:32]}
Nd5 {[%clk 0:02:20]} 36.Ra4 {[%clk 0:00:20]} Rc7 {[%clk 0:02:08]}
37.Ra6 {[%clk 0:00:19]} Bc3 {[%clk 0:01:52]} 38.Bxc3+ {[%clk 0:00:16]}
Nxc3 {[%clk 0:02:01]} 39.f3 {[%clk 0:00:16]} e6 {[%clk 0:01:45]}
40.Kf2 {[%clk 0:00:25]} Kf6 {[%clk 0:01:55]} 41.Ke3 {[%clk 0:00:30]}
Ke5 {[%clk 0:02:03]} 42.Kd3 {[%clk 0:00:24]} Nd5 {[%clk 0:02:10]}
43.Ke2 {[%clk 0:00:20]} Nf4+ {[%clk 0:02:15]} 44.Kf2 {[%clk 0:00:27]}
g5 {[%clk 0:01:53]} 45.Ra5 {[%clk 0:00:35]} h5 {[%clk 0:01:54]}
46.g3 {[%clk 0:00:39]} Nd5 {[%clk 0:01:51]} 47.h4 {[%clk 0:00:37]}
gxh4 {[%clk 0:01:59]} 48.gxh4 {[%clk 0:00:46]} Nf4 {[%clk 0:01:58]}
49.Ra4 {[%clk 0:00:44]} f5 {[%clk 0:01:28]} 50.Rc4 {[%clk 0:00:53]}
Rg7 {[%clk 0:01:09]} 51.Ke3 {[%clk 0:00:55]} Nd5+ {[%clk 0:01:14]}
52.Kf2 {[%clk 0:01:05]} Rg2+ {[%clk 0:00:59]} 53.Kxg2 {[%clk 0:01:04]}
Ne3+ {[%clk 0:01:08]} 54.Kf2 {[%clk 0:01:13]} Nxc4 {[%clk 0:01:17]}
55.c6 {[%clk 0:01:07]} Kd6 {[%clk 0:00:30]} 56.Nd4 {[%clk 0:01:16]}
Kd5 {[%clk 0:00:16]} 57.c7 {[%clk 0:01:18]} Nd6 {[%clk 0:00:25]}
58.Ne2 {[%clk 0:01:12]} Kc6 {[%clk 0:00:23]} 59.Nf4 {[%clk 0:01:15]}
e5 {[%clk 0:00:21]} 60.Ng6 {[%clk 0:01:06]} Kxc7 {[%clk 0:00:24]}
61.Nxe5 {[%clk 0:01:15]} f4 {[%clk 0:00:18]} 62.Ng6 {[%clk 0:01:21]}
Nf5 {[%clk 0:00:27]} 63.Ke2 {[%clk 0:00:59]} Nd4+ {[%clk 0:00:33]}
64.Kd3 {[%clk 0:01:07]} Nxf3 {[%clk 0:00:40]} 65.Ke4 {[%clk 0:01:14]}
Nd2+ {[%clk 0:00:31]} 66.Kxf4 {[%clk 0:01:15]} Kd6 {[%clk 0:00:41]}
67.Ke3 {[%clk 0:01:09]} Nc4+ {[%clk 0:00:39]} 68.Kd4 {[%clk 0:01:18]}
Nd2 {[%clk 0:00:45]} 69.Kd3 {[%clk 0:01:09]} Nf3 {[%clk 0:00:40]}
70.Ke3 {[%clk 0:01:06]} Ne5 {[%clk 0:00:41]} 71.Nf4 {[%clk 0:01:15]}
a5 {[%clk 0:00:39]} 72.Ke4 {[%clk 0:01:06]} a4 {[%clk 0:00:46]}
73.Nxh5 {[%clk 0:00:30]} Ng6 {[%clk 0:00:55]} 74.Nf4 {[%clk 0:00:35]}
Nxh4 {[%clk 0:01:03]} 75.Kd4 {[%clk 0:00:39]} Ke5 0-1

[Event "World Cup 2021"]
[Site "Sochi"]
[Date "2021.07.17"]
[Round "12.8"]
[White "Georgiev Kiril (MKD)"]
[Black "Maghsoodloo Parham (IRI)"]
[Result "1/2-1/2"]
[WhiteElo "2594"]
[BlackElo "2698"]
[Annotator ""]
[Source ""]
[Remark ""]

1.c4 {[%clk 0:25:17]} f5 {[%clk 0:25:19]} 2.d4 {[%clk 0:25:02]}
Nf6 {[%clk 0:25:27]} 3.Nc3 {[%clk 0:25:04]} g6 {[%clk 0:25:33]}
4.Bf4 {[%clk 0:23:50]} d6 {[%clk 0:25:33]} 5.e3 {[%clk 0:23:55]}
Bg7 {[%clk 0:24:57]} 6.h3 {[%clk 0:23:55]} c6 {[%clk 0:23:58]}
7.Nf3 {[%clk 0:23:53]} Nbd7 {[%clk 0:23:31]} 8.Be2 {[%clk 0:23:52]}
O-O {[%clk 0:22:41]} 9.O-O {[%clk 0:23:47]} Qe8 {[%clk 0:21:57]}
10.Bh2 {[%clk 0:23:15]} h6 {[%clk 0:21:17]} 11.b4 {[%clk 0:23:09]}
e5 {[%clk 0:18:53]} 12.c5 {[%clk 0:22:09]} Ne4 {[%clk 0:17:37]}
13.Rc1 {[%clk 0:20:59]} Nxc3 {[%clk 0:13:36]} 14.Rxc3 {[%clk 0:21:05]}
e4 {[%clk 0:13:44]} 15.Nd2 {[%clk 0:21:00]} d5 {[%clk 0:13:52]}
16.b5 {[%clk 0:20:33]} f4 {[%clk 0:13:09]} 17.Bxf4 {[%clk 0:19:34]}
Rxf4 {[%clk 0:13:16]} 18.exf4 {[%clk 0:19:01]} Bxd4 {[%clk 0:13:24]}
19.Rg3 {[%clk 0:19:04]} Bg7 {[%clk 0:12:19]} 20.Nb3 {[%clk 0:18:40]}
Kh7 {[%clk 0:12:19]} 21.h4 {[%clk 0:16:31]} Qf8 {[%clk 0:11:59]}
22.bxc6 {[%clk 0:16:07]} bxc6 {[%clk 0:12:08]} 23.h5 {[%clk 0:15:44]}
Qxf4 {[%clk 0:11:59]} 24.hxg6+ {[%clk 0:14:55]} Kg8 {[%clk 0:12:08]}
25.Bg4 {[%clk 0:14:58]} Ne5 {[%clk 0:11:48]} 26.Bxc8 {[%clk 0:14:45]}
Rxc8 {[%clk 0:11:58]} 27.Nd4 {[%clk 0:14:30]} Qf6 {[%clk 0:11:46]}
28.Qe2 {[%clk 0:13:03]} Rf8 {[%clk 0:10:23]} 29.Rd1 {[%clk 0:10:43]}
Kh8 {[%clk 0:09:05]} 30.Rd2 {[%clk 0:10:07]} Kg8 {[%clk 0:05:47]}
31.Rd1 {[%clk 0:09:38]} Nd7 {[%clk 0:05:09]} 32.Nb3 {[%clk 0:08:06]}
a5 {[%clk 0:05:18]} 33.a4 {[%clk 0:07:49]} Rb8 {[%clk 0:04:36]}
34.Nd4 {[%clk 0:07:39]} Nxc5 {[%clk 0:04:17]} 35.Qg4 {[%clk 0:06:43]}
Rf8 {[%clk 0:04:06]} 36.f4 {[%clk 0:06:24]} Re8 {[%clk 0:03:14]}
37.Nf5 {[%clk 0:05:44]} Ne6 {[%clk 0:02:42]} 38.Rh3 {[%clk 0:05:28]}
Qf8 {[%clk 0:01:30]} 39.Rf1 {[%clk 0:05:10]} Nd4 {[%clk 0:00:36]}
40.Ne3 {[%clk 0:04:26]} Qf6 {[%clk 0:00:42]} 41.Qh5 {[%clk 0:04:12]}
Qf8 {[%clk 0:00:15]} 42.Kh1 {[%clk 0:03:45]} Re6 {[%clk 0:00:21]}
43.g4 {[%clk 0:03:15]} Nf3 {[%clk 0:00:23]} 44.g5 {[%clk 0:02:46]}
Qxf4 {[%clk 0:00:31]} 45.gxh6 {[%clk 0:02:45]} Re5 {[%clk 0:00:31]}
46.Qg4 {[%clk 0:02:10]} Qxg4 {[%clk 0:00:39]} 47.Nxg4 {[%clk 0:02:15]}
Rg5 {[%clk 0:00:49]} 48.h7+ {[%clk 0:01:58]} Kf8 {[%clk 0:00:55]}
49.Nh2 {[%clk 0:01:51]} Bh8 {[%clk 0:00:21]} 50.Nxf3 {[%clk 0:01:54]}
exf3 {[%clk 0:00:30]} 51.Rhxf3+ {[%clk 0:01:43]} Kg7 {[%clk 0:00:40]}
52.Rf6 {[%clk 0:01:24]} c5 {[%clk 0:00:49]} 53.Rc6 {[%clk 0:01:26]}
Rxg6 {[%clk 0:00:28]} 54.Rg1 {[%clk 0:01:20]} Rxg1+ {[%clk 0:00:30]}
55.Kxg1 {[%clk 0:01:28]} Kxh7 {[%clk 0:00:38]} 56.Kg2 {[%clk 0:01:33]}
c4 {[%clk 0:00:45]} 57.Rc5 {[%clk 0:01:30]} Bb2 {[%clk 0:00:16]}
58.Rxd5 {[%clk 0:01:33]} c3 {[%clk 0:00:23]} 59.Rxa5 {[%clk 0:01:35]}
c2 {[%clk 0:00:30]} 60.Rc5 {[%clk 0:01:43]} c1Q {[%clk 0:00:37]}
61.Rxc1 {[%clk 0:01:51]} Bxc1 {[%clk 0:00:46]} 1/2-1/2

[Event "World Cup 2021"]
[Site "Sochi"]
[Date "2021.07.17"]
[Round "12.4"]
[White "Kovalev Vladislav (FID)"]
[Black "Sarana Alexey (RUS)"]
[Result "1/2-1/2"]
[WhiteElo "2637"]
[BlackElo "2640"]
[Annotator ""]
[Source ""]
[Remark ""]

1.e4 {[%clk 0:25:17]} e5 {[%clk 0:25:19]} 2.Nf3 {[%clk 0:25:20]}
Nc6 {[%clk 0:25:28]} 3.Bb5 {[%clk 0:25:11]} a6 {[%clk 0:25:37]}
4.Ba4 {[%clk 0:25:19]} Nf6 {[%clk 0:25:45]} 5.O-O {[%clk 0:25:25]}
Nxe4 {[%clk 0:25:52]} 6.d4 {[%clk 0:25:23]} b5 {[%clk 0:26:00]}
7.Bb3 {[%clk 0:25:31]} d5 {[%clk 0:26:08]} 8.dxe5 {[%clk 0:25:37]}
Be6 {[%clk 0:26:16]} 9.c3 {[%clk 0:25:00]} Bc5 {[%clk 0:26:21]}
10.Nbd2 {[%clk 0:24:29]} O-O {[%clk 0:26:25]} 11.Qe2 {[%clk 0:20:30]}
Bf5 {[%clk 0:25:21]} 12.Nxe4 {[%clk 0:14:44]} dxe4 {[%clk 0:23:57]}
13.Ng5 {[%clk 0:14:07]} Qd3 {[%clk 0:21:52]} 14.Qxd3 {[%clk 0:10:48]}
exd3 {[%clk 0:22:01]} 15.Be3 {[%clk 0:10:58]} Be7 {[%clk 0:21:59]}
16.Bd5 {[%clk 0:07:14]} Nxe5 {[%clk 0:22:08]} 17.Bxa8 {[%clk 0:07:22]}
Rxa8 {[%clk 0:22:17]} 18.Rfe1 {[%clk 0:04:30]} Nc4 {[%clk 0:21:28]}
19.Nf3 {[%clk 0:04:39]} Nxb2 {[%clk 0:19:50]} 20.Bc1 {[%clk 0:04:41]}
Ba3 {[%clk 0:19:59]} 21.Nd2 {[%clk 0:04:49]} Nc4 {[%clk 0:19:40]}
22.Nxc4 {[%clk 0:04:01]} Bxc1 {[%clk 0:19:48]} 23.Rexc1 {[%clk 0:03:52]}
bxc4 {[%clk 0:19:57]} 24.Rcb1 {[%clk 0:03:42]} h5 {[%clk 0:18:41]}
25.Rb2 {[%clk 0:03:47]} Re8 {[%clk 0:18:42]} 26.f3 {[%clk 0:03:34]}
Re5 {[%clk 0:18:04]} 27.Kf2 {[%clk 0:03:28]} g6 {[%clk 0:18:12]}
28.h4 {[%clk 0:02:49]} Kg7 {[%clk 0:18:19]} 29.Re1 {[%clk 0:01:33]}
Ra5 {[%clk 0:18:28]} 30.Ke3 {[%clk 0:01:42]} Kf6 {[%clk 0:18:34]}
31.Kd2 {[%clk 0:01:25]} Be6 {[%clk 0:18:42]} 32.Ra1 {[%clk 0:00:56]}
Kf5 {[%clk 0:18:41]} 33.Ke3 {[%clk 0:00:55]} Ra3 {[%clk 0:18:50]}
34.Rc1 {[%clk 0:01:04]} Ke5 {[%clk 0:18:51]} 35.Rd2 {[%clk 0:01:09]}
Bd7 {[%clk 0:17:30]} 36.Rb2 {[%clk 0:01:06]} Bc6 {[%clk 0:17:24]}
37.Rd2 {[%clk 0:00:16]} Bb7 {[%clk 0:17:12]} 38.Rb2 {[%clk 0:00:24]}
Bd5 {[%clk 0:17:21]} 39.Rd2 {[%clk 0:00:31]} Be6 {[%clk 0:15:46]}
40.Rb2 {[%clk 0:00:39]} f6 {[%clk 0:15:54]} 41.Re1 {[%clk 0:00:39]}
Bd5 {[%clk 0:15:50]} 42.Rc1 {[%clk 0:00:27]} Bc6 {[%clk 0:15:35]}
43.Rd2 {[%clk 0:00:30]} Bd5 {[%clk 0:14:40]} 44.Rb2 {[%clk 0:00:39]}
Kf5 {[%clk 0:14:41]} 45.Rd2 {[%clk 0:00:24]} g5 {[%clk 0:14:37]}
46.hxg5 {[%clk 0:00:32]} fxg5 {[%clk 0:14:46]} 47.Rb2 {[%clk 0:00:17]}
h4 {[%clk 0:14:49]} 48.Rd2 {[%clk 0:00:24]} Bf7 {[%clk 0:14:10]}
49.Rb2 {[%clk 0:00:31]} Be6 {[%clk 0:14:18]} 50.Rd2 {[%clk 0:00:39]}
Ra5 {[%clk 0:14:20]} 51.Rb2 {[%clk 0:00:46]} Re5+ {[%clk 0:14:21]}
52.Kf2 {[%clk 0:00:52]} Kf4 {[%clk 0:13:58]} 53.Rg1 {[%clk 0:00:38]}
Bf5 {[%clk 0:13:08]} 54.Rd2 {[%clk 0:00:42]} Bd7 {[%clk 0:12:40]}
55.Rb1 {[%clk 0:00:43]} Ra5 {[%clk 0:12:20]} 56.Rb7 {[%clk 0:00:13]}
Ra3 {[%clk 0:12:13]} 57.Rxc7 {[%clk 0:00:20]} Be6 {[%clk 0:12:22]}
58.Rc6 {[%clk 0:00:17]} Kf5 {[%clk 0:12:26]} 59.Ke3 {[%clk 0:00:17]}
Rxc3 {[%clk 0:12:32]} 60.Rxa6 {[%clk 0:00:26]} Rc1 {[%clk 0:12:38]}
61.Ra5+ {[%clk 0:00:23]} Kf6 {[%clk 0:12:46]} 62.Kd4 {[%clk 0:00:15]}
Rc2 {[%clk 0:11:36]} 63.Ke3 {[%clk 0:00:25]} Rc1 {[%clk 0:11:17]}
64.Kd4 {[%clk 0:00:33]} Ra1 {[%clk 0:10:28]} 65.Rc5 {[%clk 0:00:34]}
Bf7 {[%clk 0:10:14]} 66.Kc3 {[%clk 0:00:14]} Rb1 {[%clk 0:10:13]}
67.a4 {[%clk 0:00:15]} Rb3+ {[%clk 0:10:17]} 68.Kd4 {[%clk 0:00:23]}
Ra3 {[%clk 0:10:25]} 69.a5 {[%clk 0:00:28]} Be6 {[%clk 0:10:33]}
70.Rb2 {[%clk 0:00:17]} Ra4 {[%clk 0:10:08]} 71.Kc3 {[%clk 0:00:13]}
Ra1 {[%clk 0:10:10]} 72.Rd2 {[%clk 0:00:18]} Ke7 {[%clk 0:10:11]}
73.Rxg5 {[%clk 0:00:18]} Ra3+ {[%clk 0:09:41]} 74.Kd4 {[%clk 0:00:14]}
Kd6 {[%clk 0:08:46]} 75.Rc5 {[%clk 0:00:20]} Ra4 {[%clk 0:08:17]}
76.Rb5 {[%clk 0:00:27]} Ra3 {[%clk 0:08:26]} 77.Rb6+ {[%clk 0:00:25]}
Kd7 {[%clk 0:08:27]} 78.Rxe6 {[%clk 0:00:20]} Kxe6 {[%clk 0:07:52]}
79.Kxc4 {[%clk 0:00:27]} Rxa5 {[%clk 0:07:50]} 80.Kxd3 {[%clk 0:00:33]}
Rh5 {[%clk 0:07:58]} 81.Rd1 {[%clk 0:00:18]} Rg5 {[%clk 0:08:05]}
82.Rd2 {[%clk 0:00:21]} Rg3 {[%clk 0:08:07]} 83.Ke4 {[%clk 0:00:27]}
h3 {[%clk 0:08:15]} 84.gxh3 {[%clk 0:00:36]} Rxh3 {[%clk 0:08:24]}
85.Ra2 {[%clk 0:00:44]} Rh1 {[%clk 0:08:32]} 86.Ra6+ {[%clk 0:00:54]}
Kf7 {[%clk 0:08:42]} 87.Ke5 {[%clk 0:00:50]} Rh5+ {[%clk 0:08:50]} 1/2-1/2

[Event "World Cup 2021"]
[Site "Sochi"]
[Date "2021.07.17"]
[Round "13.3"]
[White "Cori Jorge (PER)"]
[Black "Mareco Sandro (ARG)"]
[Result "1-0"]
[WhiteElo "2652"]
[BlackElo "2629"]
[Annotator ""]
[Source ""]
[Remark ""]

1.c4 {[%clk 0:10:19]} e6 {[%clk 0:10:20]} 2.Nf3 {[%clk 0:10:00]}
d5 {[%clk 0:10:28]} 3.e3 {[%clk 0:10:09]} Nf6 {[%clk 0:10:34]}
4.b3 {[%clk 0:10:06]} b6 {[%clk 0:10:34]} 5.Bb2 {[%clk 0:10:13]}
Bb7 {[%clk 0:10:42]} 6.Be2 {[%clk 0:10:18]} Bd6 {[%clk 0:10:40]}
7.O-O {[%clk 0:08:51]} O-O {[%clk 0:10:46]} 8.d4 {[%clk 0:08:58]}
Nbd7 {[%clk 0:10:53]} 9.Nc3 {[%clk 0:09:07]} a6 {[%clk 0:11:02]}
10.a4 {[%clk 0:09:08]} c5 {[%clk 0:09:37]} 11.cxd5 {[%clk 0:08:37]}
exd5 {[%clk 0:09:43]} 12.Qb1 {[%clk 0:08:00]} Re8 {[%clk 0:09:44]}
13.Rd1 {[%clk 0:08:09]} Rc8 {[%clk 0:09:17]} 14.Qf5 {[%clk 0:07:48]}
Qe7 {[%clk 0:05:29]} 15.Rac1 {[%clk 0:07:54]} Qe6 {[%clk 0:05:19]}
16.Qb1 {[%clk 0:07:27]} Ne4 {[%clk 0:04:40]} 17.Nxe4 {[%clk 0:06:38]}
dxe4 {[%clk 0:04:49]} 18.Ng5 {[%clk 0:04:20]} Qh6 {[%clk 0:04:55]}
19.Nh3 {[%clk 0:04:28]} cxd4 {[%clk 0:04:38]} 20.Bxd4 {[%clk 0:04:31]}
Ne5 {[%clk 0:03:50]} 21.Rxc8 {[%clk 0:04:12]} Rxc8 {[%clk 0:03:59]}
22.Nf4 {[%clk 0:04:05]} Nf3+ {[%clk 0:03:16]} 23.gxf3 {[%clk 0:03:37]}
g5 {[%clk 0:03:25]} 24.Kh1 {[%clk 0:03:05]} Kf8 {[%clk 0:02:26]}
25.Qb2 {[%clk 0:01:09]} exf3 {[%clk 0:01:26]} 26.Bc4 {[%clk 0:00:51]}
gxf4 {[%clk 0:01:14]} 27.e4 {[%clk 0:00:56]} Ke7 {[%clk 0:00:41]}
28.Bg7 {[%clk 0:00:57]} Qg6 {[%clk 0:00:25]} 29.Rg1 {[%clk 0:00:45]}
Qxe4 {[%clk 0:00:24]} 30.Qf6+ {[%clk 0:00:50]} Kd7 {[%clk 0:00:33]}
31.Qxf7+ {[%clk 0:00:47]} Kc6 {[%clk 0:00:18]} 32.Rd1 {[%clk 0:00:23]}
Kc5 {[%clk 0:00:11]} 33.Bc3 {[%clk 0:00:17]} a5 {[%clk 0:00:18]}
34.Qd7 {[%clk 0:00:19]} Rc6 {[%clk 0:00:13]} 35.Qxb7 {[%clk 0:00:20]}
Kd5 1-0